01207 2200217 4500001002100000005001500021035002000036007000300056008004100059020001800100082001000118084001600128100001300144245004800157250001100205260003100216300004000247600003100287500064600318990002500964INLIS00000000000088620220929115103 a0010-0922000123ta220929 c 1 ind  a979-22-2583-8 a839.7 a839.7 LIN k1 aLindgren1 aKARLSSON SI MANUSIA ATAP /cAstrid Lindgren aCet. 1 aJakarta :bGramedia,c2007 a168 hlm :bTerdapat Gambar ;c20 cm 4aFiksi Jerman, Prosa Jerman aLillebror adalah anak biasa berusia tujuh tahun yang tinggal di Stockholm. Namun hidupnya jadi tidak biasa sejak kedatangan Karlsson si Manusia Atap. Bapak-bapak kecil pendek gendut dengan baling-baling di punggungnya ini nakal dan penuh dengan permainan.Tapi tak seorang pun keluarga Lillebror percaya bahwa Karlsson si Manusia Atap itu sungguh-sungguh ada. Teman-teman dan ayah-ibu Lillebror menganggap Karlsson hanya akal-akalan Lillebror supaya bisa lolos dari perbuatan nakal.Bagaimana cara Lillebror bisa menjelaskan pada mereka bahwa Karlsson sungguh-sungguh ada dan nakalnya bukan main sehingga sering membuat Lillebror kena masalah? a01657/PSMUH/Hib/2022